Animal by Phonetic Name Quiz Stats

 Plays Quiz not verified by Sporcle

Support Sporcle.
Go Orange.
Score 0/20 Timer 03:00
0 Plays Today
% Correct
Penguin
96.3%
Alligator
96.2%
Grasshopper
96.2%
Bee
96.2%
Toad
96.1%
Panda
96.1%
Armadillo
96%
Hummingbird
96%
Iguana
96%
Falcon
96%
% Correct
Leopard
95.7%
Hyena
95.7%
Fox
95.5%
Koala
94.9%
Rhinoceros
94.8%
Jackal
94.4%
Ostrich
93.7%
Sheep
89.9%
Yak
87.1%
Quokka
84.9%

You're not logged in!

Compare scores with friends on all Sporcle quizzes.
OR
Log In

From the Vault

Somewhere in the Middle (Movies)

by pdigoe

The middle of a movie is typically time for a bathroom break.
Remove Ads.
Support Sporcle.
Get the best of Sporcle when you Go Orange. This ad-free experience offers more features, more stats, and more fun while also helping to support Sporcle. Thank you for becoming a member.

Show Comments

Extras

Top Quizzes Today


Score Distribution

Your Account Isn't Verified!

In order to create a playlist on Sporcle, you need to verify the email address you used during registration. Go to your Sporcle Settings to finish the process.

Report this User

Report this user for behavior that violates our Community Guidelines.

Details: